| 000 | 00828nam a22002177a 4500 | ||
|---|---|---|---|
| 999 |
_c13215 _d13215 |
||
| 003 | AR-CdUCM | ||
| 008 | 190411b ||||| |||| 00| 0 spa d | ||
| 040 |
_aMUNICIPALIDAD PROVINCIAL DEL CUSCO _cBIBLIOTECA MUNICIPAL DEL CUSCO |
||
| 082 |
_aC / 373.3 / _bR68 |
||
| 100 |
_aRivero Ricalde Concepcion _931487 |
||
| 245 |
_aMetodología perceptiva : _bguia practica del maestro / |
||
| 260 |
_aCuzco : _bH. G. Rozas, _c1966. |
||
| 300 |
_a116 páginas ; _c21 cm. _e2 mapas conceptuales. |
||
| 505 | _aObservación interna -- Observación externa -- Diferentes conceptos de intuición -- Amplificación -- Formas de enseñanza -- Juicio... | ||
| 650 |
_aFormas de enseñanza. _931488 |
||
| 650 |
_aJuicio. _915781 |
||
| 650 |
_aRaciocinio. _931489 |
||
| 650 |
_aMemoria. _91763 |
||
| 942 |
_2ddc _cLIBROS |
||
| 945 |
_awfj _d2019-04-11 |
||